000 00469 a2200181 4500
003 OSt
005 20231206085725.0
008 231206b |||||||| |||| 00| 0 eng d
020 _a9789352824816
040 _coclc
082 _a920
_bKOC/D
100 _aKochu, K K
_91785
245 _aDalithan /
_cK.K. Kochu
250 _a4th ed.
260 _aKottayam:
_bD C Books,
_c2022.
300 _a400p.
942 _2ddc
_cBK
_h920
_iKOC/D
_k920
_mKOC/D
999 _c43986
_d43986